Transfery Górnika Zabrze w letnim okienku transferowym 2021/2022. - Statystyki

Ogólne statystyki
  • Ten quiz został rozwiązany 73 razy
  • Średni wynik to 4 z 9
Statystyki odpowiedzi
Cena Pozycja Narodowość Poprzedni Klub Piłkarz % Poprawnych
Za darmo Środkowy napastnik Niemcy Antalyaspor Podolski
86%
Za darmo Bramkarz Polska CFR Cluj Sandomierski
78%
Za darmo Środkowy obrońca Polska Podbeskidzie Bielsko-Biała Janicki
62%
Za darmo Lewy napastnik Polska Stal Mielec Dadok
54%
Za darmo Lewy napastnik Polska Legia Warszawa Cholewiak
49%
Za darmo Środkowy napastnik Francja Dinamo Batuni Sanogo
46%
Wypożyczenie Środkowy pomocnik Kamerun Albacete Jules
18%
Wypożyczenie Środkowy napastnik Macedonia Północna Rostov Tosevski
18%
Za darmo Polska Polska Chojniczanka Chojnice Sokół
15%
Nie znaleziono quizów pasujących do podanych kryteriów
Rozkład punktacji
Procent ludzi z każdym wynikiem
Percentyl według liczby udzielonych odpowiedzi
Twoja historia wyników
Nie rozwiązałeś tego quizu